[Event "Swiss Queens Wed #2"]
[Site "FIDE Online Arena INT"]
[Date "2024.02.07"]
[Round "5"]
[White "Paramzina, Anastasya"]
[Black "Mammadzada, Gunay Vuqar Qizi"]
[Result "0-1"]
[WhiteElo "2233"]
[BlackElo "2449"]
[PlyCount "70"]
[EventDate "2024.02.07"]
[EventType "swiss (blitz)"]
[EventRounds "11"]
[EventCountry "NET"]
[SourceTitle "CB07_2024"]
[SourceDate "2024.02.14"]
[SourceVersion "1"]
[SourceVersionDate "2024.02.14"]
[SourceQuality "1"]

1. e4 c5 2. Nf3 d6 3. d4 cxd4 4. Nxd4 e6 5. Nc3 Ne7 6. Be3 Nec6 7. Qd2 Nxd4 8. Bxd4 Nc6 9. Be3 Be7 10. 0-0-0 a6 11. f4 0-0 12. g4 b5 13. Bd3 Bd7 14. g5 Qc7 15. Kb1 Rab8 16. Rdf1 b4 17. Ne2 a5 18. f5 f6 19. Nf4 fxg5 20. Nxe6 Bxe6 21. fxe6 h6 22. h4 g4 23. Bxh6 gxh6 24. Qxh6 Ne5 25. Rf5 Rxf5 26. exf5 Bf8 27. Qf4 Qh7 28. Be4 Qh6 29. Qf2 Qf6 30. Qa7 Nc4 31. c3 Rb5 32. Bc6 Rc5 33. Qb7 bxc3 34. Bd5 c2+ 35. Kc1 Rxd5 0-1

[Event "Swiss Queens Wed #1"]
[Site "FIDE Online Arena INT"]
[Date "2024.01.31"]
[Round "2"]
[White "Kubicka, Anna"]
[Black "Paramzina, Anastasya"]
[Result "1-0"]
[WhiteElo "2278"]
[BlackElo "2224"]
[PlyCount "55"]
[EventDate "2024.01.31"]
[EventType "swiss (blitz)"]
[EventRounds "11"]
[EventCountry "NET"]
[SourceTitle "CB06_2024"]
[SourceDate "2024.02.07"]
[SourceVersion "1"]
[SourceVersionDate "2024.02.07"]
[SourceQuality "1"]

1. e4 c5 2. Nf3 d6 3. Bb5+ Bd7 4. Bxd7+ Nxd7 5. c3 Ngf6 6. Qe2 e6 7. 0-0 Be7 8. d4 0-0 9. Nbd2 cxd4 10. cxd4 Rc8 11. b3 d5 12. e5 Ne8 13. Bb2 Nc7 14. Rac1 Na6 15. a3 Qb6 16. Qd3 Nab8 17. b4 Na6 18. Nb3 h6 19. Nfd2 Bg5 20. f4 Be7 21. Kh1 Ndb8 22. f5 Bg5 23. f6 Rxc1 24. Bxc1 Rc8 25. fxg7 Qc7 26. Nf3 Be7 27. Bxh6 Qc3 28. Rc1 1-0

[Event "RUS-chT (Women)"]
[Site "Sochi"]
[Date "2023.05.10"]
[Round "9.2"]
[White "Paramzina, Anastasya"]
[Black "Shafigullina, Zarina"]
[Result "1-0"]
[WhiteElo "2227"]
[BlackElo "2189"]
[PlyCount "88"]
[EventDate "2023.05.01"]
[EventType "team-swiss"]
[EventRounds "9"]
[EventCountry "RUS"]
[SourceTitle "CBM 214 Extra"]
[Source "ChessBase"]
[SourceDate "2023.07.31"]
[SourceVersion "1"]
[SourceVersionDate "2023.07.31"]
[SourceQuality "1"]
[WhiteTeam "Moscow Region (W) II"]
[BlackTeam "Tatarstan Ladya (W)"]
[WhiteTeamCountry "RUS"]
[BlackTeamCountry "RUS"]

1. c4 Nf6 2. Nf3 e6 3. g3 d5 4. Bg2 d4 5. d3 c5 6. e3 Nc6 7. exd4 cxd4 8. 0-0 Bd6 9. Nbd2 h6 10. Ne1 e5 11. Ne4 Nxe4 12. Bxe4 Be6 13. Nc2 0-0 14. Rb1 a5 15. b3 Qd7 16. a3 Bh3 17. Re1 Bg4 18. Bf3 Bxf3 19. Qxf3 Kh8 20. b4 axb4 21. axb4 b6 22. b5 Ne7 23. Nb4 f5 24. Bd2 Ra3 25. Bc1 Raa8 26. Nd5 Qb7 27. Bd2 Nxd5 28. cxd5 Ra3 29. Rbc1 e4 30. Qh5 e3 31. fxe3 Rxd3 32. Qe2 Ra3 33. Rc6 Bc5 34. exd4 Bxd4+ 35. Kh1 Rf6 36. Qe8+ Kh7 37. Re7 Rxc6 38. dxc6 Qa8 39. Qxa8 Rxa8 40. Bf4 Ra1+ 41. Kg2 Ra2+ 42. Kf1 Bf6 43. Re8 g5 44. Bd6 f4 1-0

[Event "RUS-chT (Women)"]
[Site "Sochi"]
[Date "2023.05.07"]
[Round "6.1"]
[White "Bivol, Alina"]
[Black "Paramzina, Anastasya"]
[Result "1-0"]
[WhiteElo "2371"]
[BlackElo "2227"]
[PlyCount "59"]
[EventDate "2023.05.01"]
[EventType "team-swiss"]
[EventRounds "9"]
[EventCountry "RUS"]
[SourceTitle "CBM 214 Extra"]
[Source "ChessBase"]
[SourceDate "2023.07.31"]
[SourceVersion "1"]
[SourceVersionDate "2023.07.31"]
[SourceQuality "1"]
[WhiteTeam "Moscow Sbornaya (W)"]
[BlackTeam "Moscow Region (W) II"]
[WhiteTeamCountry "RUS"]
[BlackTeamCountry "RUS"]

1. e4 c5 2. Nf3 d6 3. Bb5+ Bd7 4. c4 Nf6 5. Nc3 g6 6. Bxd7+ Nbxd7 7. d3 Bg7 8. 0-0 0-0 9. h3 Ne5 10. Be3 Nfd7 11. Ne1 Nc6 12. f4 Bd4 13. Qd2 e6 14. Nf3 a6 15. Bf2 Bxf2+ 16. Rxf2 f5 17. exf5 Rxf5 18. Re1 Nd4 19. Nxd4 cxd4 20. Ne4 Qb6 21. g4 Rff8 22. Ng5 e5 23. f5 gxf5 24. gxf5 Kh8 25. Ne6 Rf7 26. Rg2 Nc5 27. Qh6 Rg8 28. Ng5 Rd7 29. Qf6+ Rgg7 30. Qf8+ 1-0

[Event "Moscow Blondes-Brunettes m 12th"]
[Site "Moscow"]
[Date "2023.04.02"]
[Round "9.6"]
[White "Gvanceladze, Anna"]
[Black "Paramzina, Anastasya"]
[Result "1/2-1/2"]
[WhiteElo "2138"]
[BlackElo "2227"]
[PlyCount "95"]
[EventDate "2023.04.02"]
[EventType "schev (blitz)"]
[EventRounds "9"]
[EventCountry "RUS"]
[SourceTitle "CBM 213 Extra"]
[Source "ChessBase"]
[SourceDate "2023.05.31"]
[SourceVersion "1"]
[SourceVersionDate "2023.05.31"]
[SourceQuality "1"]
[WhiteTeam "Brunettes"]
[BlackTeam "Blondes"]
[WhiteTeamCountry "RUS"]
[BlackTeamCountry "RUS"]

1. d4 Nf6 2. Nf3 g6 3. g3 Bg7 4. Bg2 0-0 5. 0-0 d5 6. c4 c6 7. cxd5 cxd5 8. Ne5 Bf5 9. Nc3 Ne4 10. Nxe4 dxe4 11. Be3 Nd7 12. Nxd7 Qxd7 13. Qb3 Rfd8 14. Rfd1 Rac8 15. d5 b6 16. h3 h5 17. Kh2 Qc7 18. Bf4 Be5 19. Bxe5 Qxe5 20. h4 Rc5 21. Rac1 Rcxd5 22. Rxd5 Rxd5 23. e3 Rd2 24. Rc2 Rd5 25. Qa4 a5 26. Qc6 Rd6 27. Qc7 Bg4 28. Rd2 Bf3 29. Rxd6 exd6 30. Qxb6 a4 31. Qb7 Bxg2 32. Kxg2 Kg7 33. Qb4 d5 34. Qxa4 Qf5 35. Qd4+ Kh7 36. Qd1 Qe5 37. Qd4 Qf5 38. a4 Qf3+ 39. Kg1 Qe2 40. a5 Qe1+ 41. Kg2 Qxa5 42. Qf6 Qc7 43. b4 Qd7 44. Qb6 Qf5 45. Qd4 Qd7 46. Qc5 Qf5 47. Qd4 Qd7 48. Qc5 1/2-1/2

[Event "Moscow Blondes-Brunettes m 12th"]
[Site "Moscow"]
[Date "2023.04.02"]
[Round "7.8"]
[White "Kastanieda, Alla"]
[Black "Paramzina, Anastasya"]
[Result "0-1"]
[WhiteElo "1566"]
[BlackElo "2227"]
[PlyCount "80"]
[EventDate "2023.04.02"]
[EventType "schev (blitz)"]
[EventRounds "9"]
[EventCountry "RUS"]
[SourceTitle "CBM 213 Extra"]
[Source "ChessBase"]
[SourceDate "2023.05.31"]
[SourceVersion "1"]
[SourceVersionDate "2023.05.31"]
[SourceQuality "1"]
[WhiteTeam "Brunettes"]
[BlackTeam "Blondes"]
[WhiteTeamCountry "RUS"]
[BlackTeamCountry "RUS"]

1. d4 Nf6 2. Nf3 g6 3. Nc3 d5 4. Bf4 Bg7 5. e3 0-0 6. Be2 c5 7. 0-0 b6 8. Be5 Nbd7 9. dxc5 Nxe5 10. Nxe5 bxc5 11. Nc6 Qd6 12. Na5 Qc7 13. Nb3 Bb7 14. Bf3 Rad8 15. Qe2 e5 16. Nb5 Qb6 17. a4 e4 18. Bg4 Nxg4 19. Qxg4 Bxb2 20. Rab1 Bg7 21. Qe2 a6 22. Na3 Qc7 23. Qd2 d4 24. Qc1 Bc8 25. Nc4 Qe7 26. Nba5 Qg5 27. Nc6 Bh3 28. g3 Bxf1 29. Nxd8 Bxc4 30. Nc6 Bd5 31. Na5 Rc8 32. Rb6 d3 33. c4 Be6 34. Rxa6 Qe5 35. Nc6 Qc7 36. a5 Bf8 37. Qb1 Bd7 38. Qb6 d2 39. Qb3 Bxc6 40. Rb6 Rd8 0-1

[Event "Moscow Blondes-Brunettes m 12th"]
[Site "Moscow"]
[Date "2023.04.02"]
[Round "3.3"]
[White "Nechaeva, Marina"]
[Black "Paramzina, Anastasya"]
[Result "1-0"]
[WhiteElo "2368"]
[BlackElo "2227"]
[PlyCount "111"]
[EventDate "2023.04.02"]
[EventType "schev (blitz)"]
[EventRounds "9"]
[EventCountry "RUS"]
[SourceTitle "CBM 213 Extra"]
[Source "ChessBase"]
[SourceDate "2023.05.31"]
[SourceVersion "1"]
[SourceVersionDate "2023.05.31"]
[SourceQuality "1"]
[WhiteTeam "Brunettes"]
[BlackTeam "Blondes"]
[WhiteTeamCountry "RUS"]
[BlackTeamCountry "RUS"]

1. d4 Nf6 2. c4 g6 3. Nf3 Bg7 4. g3 c6 5. Bg2 d5 6. cxd5 cxd5 7. Nc3 0-0 8. Ne5 Bf5 9. Bf4 Qb6 10. 0-0 Qxb2 11. Nxd5 Nxd5 12. Bxd5 Nc6 13. Bxc6 bxc6 14. Nxc6 Rfe8 15. Qd2 Qb5 16. Rfc1 Bh3 17. a4 Qd5 18. f3 Bd7 19. e4 Qh5 20. Ra3 Rac8 21. d5 Bxc6 22. dxc6 Red8 23. Rd3 Rxd3 24. Qxd3 Bb2 25. Rc2 e5 26. Be3 Bd4 27. Bxd4 exd4 28. Kg2 Qe5 29. Rc4 Qd6 30. Qxd4 Qxd4 31. Rxd4 Rxc6 32. Rd5 Kf8 33. Ra5 a6 34. g4 h6 35. h4 Ke7 36. Kg3 Ke6 37. Kf4 Kf6 38. Rd5 Ke6 39. Ra5 Kf6 40. g5+ hxg5+ 41. hxg5+ Ke6 42. Re5+ Kd7 43. Rd5+ Ke6 44. Kg4 Rb6 45. Rc5 Rd6 46. f4 Rb6 47. f5+ gxf5+ 48. exf5+ Kd6 49. Ra5 Rc6 50. Kh5 Ke7 51. f6+ Ke6 52. Kh6 Rd6 53. Kg7 Rc6 54. g6 fxg6 55. f7 Rc7 56. Rxa6+ 1-0

[Event "Wch Blitz (Women)"]
[Site "Almaty"]
[Date "2022.12.30"]
[Round "12"]
[White "Mammadova, Gulnar Marfat Qizi"]
[Black "Paramzina, Anastasya"]
[Result "1-0"]
[WhiteElo "2289"]
[BlackElo "2145"]
[PlyCount "95"]
[EventDate "2022.12.29"]
[EventType "swiss (blitz)"]
[EventRounds "17"]
[EventCountry "KAZ"]
[SourceTitle "CBM 211 Extra"]
[Source "ChessBase"]
[SourceDate "2023.01.31"]
[SourceVersion "1"]
[SourceVersionDate "2023.01.31"]
[SourceQuality "1"]

1. e4 c5 2. Nf3 d6 3. Bb5+ Nd7 4. a4 Ngf6 5. Nc3 a6 6. Bc4 Qa5 7. Ba2 e6 8. 0-0 b5 9. d3 Bb7 10. Bf4 Qb6 11. Qd2 Be7 12. Rfe1 0-0 13. a5 Qc6 14. Ne2 Rac8 15. Ng3 Rfd8 16. c3 Nf8 17. h4 Ng6 18. Bg5 h6 19. h5 Ne5 20. Bf4 c4 21. Nd4 Qc7 22. dxc4 Nxc4 23. Bxc4 Qxc4 24. f3 e5 25. Ngf5 Bf8 26. Bxh6 gxh6 27. Nc2 d5 28. Nxh6+ Kh7 29. Nxf7 Rd7 30. Nxe5 Qc5+ 31. Nd4 Rg7 32. Qf4 dxe4 33. Qxf6 exf3 34. Qf5+ Kg8 35. Qe6+ Kh7 36. g4 f2+ 37. Kxf2 Bd6 38. Qf5+ Kg8 39. Ng6 Rf7 40. Re6 Rxf5+ 41. gxf5 Qd5 42. Rg1 Kf7 43. h6 Bc5 44. Nf4 Qxf5 45. Ke3 Bxd4+ 46. cxd4 Re8 47. Rg7+ Kf8 48. Ng6+ 1-0

[Event "Wch Blitz (Women)"]
[Site "Almaty"]
[Date "2022.12.30"]
[Round "11"]
[White "Paramzina, Anastasya"]
[Black "Girya, Olga"]
[Result "0-1"]
[WhiteElo "2145"]
[BlackElo "2310"]
[PlyCount "70"]
[EventDate "2022.12.29"]
[EventType "swiss (blitz)"]
[EventRounds "17"]
[EventCountry "KAZ"]
[SourceTitle "CBM 211 Extra"]
[Source "ChessBase"]
[SourceDate "2023.01.31"]
[SourceVersion "1"]
[SourceVersionDate "2023.01.31"]
[SourceQuality "1"]

1. e4 e5 2. Nf3 Nc6 3. Bc4 Bc5 4. 0-0 Nf6 5. d3 d6 6. c3 a5 7. Nbd2 0-0 8. h3 h6 9. Re1 Be6 10. Bb5 Nd7 11. Nf1 f5 12. exf5 Bxf5 13. Ng3 Bg6 14. d4 exd4 15. cxd4 Bb6 16. a3 Nf6 17. Bc4+ d5 18. Bd3 Bxd3 19. Qxd3 Qd7 20. Bd2 Rae8 21. Bc3 Rxe1+ 22. Rxe1 Re8 23. Rxe8+ Qxe8 24. Ne5 Qe6 25. f4 Nxe5 26. Qe3 Nfd7 27. Kh1 c5 28. Ne2 Qf5 29. fxe5 cxd4 30. Bxd4 Bxd4 31. Qxd4 Qxe5 32. Qf2 Nf6 33. Nc3 d4 34. Nd1 Ne4 35. Qe1 Ng3+ 0-1

[Event "Wch Blitz (Women)"]
[Site "Almaty"]
[Date "2022.12.29"]
[Round "2"]
[White "Nomin Erdene, Davaademberel"]
[Black "Paramzina, Anastasya"]
[Result "1-0"]
[WhiteElo "2296"]
[BlackElo "2145"]
[PlyCount "91"]
[EventDate "2022.12.29"]
[EventType "swiss (blitz)"]
[EventRounds "17"]
[EventCountry "KAZ"]
[SourceTitle "CBM 211 Extra"]
[Source "ChessBase"]
[SourceDate "2023.01.31"]
[SourceVersion "1"]
[SourceVersionDate "2023.01.31"]
[SourceQuality "1"]

1. f4 d5 2. Nf3 c5 3. g3 Nc6 4. Bg2 g6 5. 0-0 Bg7 6. d3 Nf6 7. c3 0-0 8. Na3 b6 9. Qc2 Bb7 10. e4 dxe4 11. dxe4 a6 12. e5 Ne8 13. Rd1 Qc7 14. Nc4 Rd8 15. Be3 b5 16. Ncd2 Nb8 17. Ne4 Nd7 18. Rd2 Bxe4 19. Qxe4 Rb8 20. Rad1 Nb6 21. b3 e6 22. Bf2 Nd5 23. Rc1 Qe7 24. c4 bxc4 25. Rxc4 Rb5 26. Ne1 Nec7 27. Nd3 Rd8 28. Nxc5 a5 29. Qe2 Rc8 30. Ne4 Rb4 31. Nd6 Rcb8 32. Rdc2 Rxc4 33. Qxc4 Bf8 34. a3 Qd8 35. Bc5 Ra8 36. h3 Na6 37. b4 axb4 38. axb4 Nxc5 39. bxc5 Ra3 40. Kh2 g5 41. Bxd5 exd5 42. Qxd5 Bxd6 43. cxd6 gxf4 44. gxf4 Qh4 45. Qg2+ Kh8 46. Rc8+ 1-0

[Event "Wch Blitz (Women)"]
[Site "Almaty"]
[Date "2022.12.29"]
[Round "1"]
[White "Paramzina, Anastasya"]
[Black "Paehtz, Elisabeth"]
[Result "1/2-1/2"]
[WhiteElo "2145"]
[BlackElo "2396"]
[PlyCount "172"]
[EventDate "2022.12.29"]
[EventType "swiss (blitz)"]
[EventRounds "17"]
[EventCountry "KAZ"]
[SourceTitle "CBM 211 Extra"]
[Source "ChessBase"]
[SourceDate "2023.01.31"]
[SourceVersion "1"]
[SourceVersionDate "2023.01.31"]
[SourceQuality "1"]

1. e4 c5 2. Nf3 d6 3. d4 cxd4 4. Nxd4 Nf6 5. Nc3 a6 6. Be3 e5 7. Nb3 Be6 8. f3 Be7 9. Qd2 Nbd7 10. 0-0-0 0-0 11. g4 b5 12. g5 Nh5 13. Kb1 Rc8 14. Nd5 Bxd5 15. exd5 Qe8 16. Na5 Bd8 17. Nc6 Bb6 18. Bd3 Bxe3 19. Qxe3 g6 20. c3 Nc5 21. Bc2 Qd7 22. h4 Rfe8 23. Rhe1 Nf4 24. Be4 Na4 25. Rh1 Nh5 26. Bc2 Nc5 27. Bd3 Qc7 28. Bf1 Na4 29. Bh3 Ra8 30. Bg4 Nf4 31. h5 Qb6 32. Qd2 Qc7 33. Qh2 Nb6 34. Nb4 a5 35. Nd3 Nbxd5 36. Nxf4 Nxf4 37. hxg6 fxg6 38. Bh3 b4 39. cxb4 axb4 40. Bf1 d5 41. Qd2 Qa5 42. b3 Re7 43. Rh4 Rea7 44. Rh2 Qc5 45. Rc1 Qe7 46. Rh4 Rxa2 47. Qxa2 Rxa2 48. Kxa2 Qa7+ 49. Kb1 Kg7 50. Bb5 Ne6 51. Rh2 Nxg5 52. Rhc2 Qe3 53. Rc7+ Kf6 54. Ba4 Ne6 55. R7c6 Qd3+ 56. Kb2 Qd4+ 57. Kb1 Qd3+ 58. Kb2 Qe2+ 59. R1c2 Qe3 60. Rd6 Qd4+ 61. Kb1 Qd1+ 62. Kb2 Ke7 63. Rd7+ Kf6 64. Rd6 Qd4+ 65. Kb1 Ke7 66. Rd7+ Kf6 67. Rd6 Qd1+ 68. Kb2 Qd4+ 69. Kb1 Kf5 70. Bd7 Kf4 71. Rxe6 Qd1+ 72. Kb2 Qd4+ 73. Kb1 Qd3 74. Rf6+ Kg5 75. Re6 Qxb3+ 76. Kc1 Qe3+ 77. Kb1 b3 78. Rg2+ Kh4 79. Re7 Qd3+ 80. Kb2 h5 81. Rg7 d4 82. R7xg6 Qc3+ 83. Kb1 Qd3+ 84. Kb2 Qc3+ 85. Kb1 Qd3+ 86. Kb2 Qc3+ 1/2-1/2

[Event "Wch Rapid (Women)"]
[Site "Almaty"]
[Date "2022.12.26"]
[Round "3"]
[White "Paramzina, Anastasya"]
[Black "Samaganova, Alexandra"]
[Result "1-0"]
[WhiteElo "2148"]
[BlackElo "1883"]
[PlyCount "97"]
[EventDate "2022.12.26"]
[EventType "swiss (rapid)"]
[EventRounds "11"]
[EventCountry "KAZ"]
[SourceTitle "CBM 211 Extra"]
[Source "ChessBase"]
[SourceDate "2023.01.31"]
[SourceVersion "1"]
[SourceVersionDate "2023.01.31"]
[SourceQuality "1"]

1. e4 c5 2. Nf3 e6 3. b3 Nf6 4. e5 Nd5 5. c4 Nc7 6. d4 cxd4 7. Qxd4 Nc6 8. Qg4 Bb4+ 9. Bd2 0-0 10. a3 Bxd2+ 11. Nbxd2 f6 12. Bd3 f5 13. Qf4 Ne7 14. 0-0 Ng6 15. Qd4 b6 16. Rad1 Bb7 17. Be2 Qe7 18. Nb1 Rfd8 19. h4 Be4 20. Ng5 Nf4 21. Qe3 Nxe2+ 22. Qxe2 Bxb1 23. Rxb1 h6 24. Nf3 Qxa3 25. b4 Qa6 26. Rfd1 Rac8 27. Nd4 Qb7 28. Rd3 d5 29. exd6 Rxd6 30. Qe5 Ne8 31. Rbd1 Rcd8 32. c5 bxc5 33. bxc5 Rd5 34. Qxe6+ Qf7 35. Qxf7+ Kxf7 36. Nc6 Rxd3 37. Nxd8+ Rxd8 38. Rxd8 Ke7 39. Ra8 Nc7 40. Rxa7 Kd7 41. Kh2 Kc6 42. Kg3 g6 43. Kf4 Ne6+ 44. Ke5 Nxc5 45. Kf6 Ne4+ 46. Kxg6 Nxf2 47. Kxf5 Kd5 48. Rd7+ Kc4 49. g4 1-0

[Event "Wch Rapid (Women)"]
[Site "Almaty"]
[Date "2022.12.26"]
[Round "4"]
[White "Yao, Lan"]
[Black "Paramzina, Anastasya"]
[Result "1-0"]
[WhiteElo "2283"]
[BlackElo "2148"]
[PlyCount "63"]
[EventDate "2022.12.26"]
[EventType "swiss (rapid)"]
[EventRounds "11"]
[EventCountry "KAZ"]
[SourceTitle "CBM 211 Extra"]
[Source "ChessBase"]
[SourceDate "2023.01.31"]
[SourceVersion "1"]
[SourceVersionDate "2023.01.31"]
[SourceQuality "1"]

1. e4 c5 2. Nf3 d6 3. d4 cxd4 4. Nxd4 Nf6 5. Nc3 a6 6. Bg5 Nbd7 7. f4 Qc7 8. Qf3 b5 9. 0-0-0 Bb7 10. Bd3 g6 11. Nd5 Nxd5 12. exd5 Bg7 13. Nc6 Nf6 14. Rhe1 Bxc6 15. dxc6 0-0 16. f5 Rac8 17. h4 Rfe8 18. fxg6 fxg6 19. Bxf6 Bxf6 20. h5 Qxc6 21. hxg6 h6 22. Qf5 Kg7 23. Kb1 Qc5 24. Qe6 Rf8 25. Rf1 Qe5 26. Qb3 Rb8 27. Rde1 Qd4 28. Re4 Qa7 29. g4 a5 30. g5 hxg5 31. Rh1 e6 32. Rh7+ 1-0

[Event "RUS-ch Blitz (Women)"]
[Site "Sochi"]
[Date "2022.10.14"]
[Round "6"]
[White "Paramzina, Anastasya"]
[Black "Bivol, Alina"]
[Result "0-1"]
[WhiteElo "2227"]
[BlackElo "2364"]
[PlyCount "100"]
[EventDate "2022.10.14"]
[EventType "swiss (blitz)"]
[EventRounds "13"]
[EventCountry "RUS"]
[SourceTitle "CBM 210 Extra"]
[Source "ChessBase"]
[SourceDate "2022.11.30"]
[SourceVersion "1"]
[SourceVersionDate "2022.11.30"]
[SourceQuality "1"]

1. e4 e5 2. Nf3 Nc6 3. Bc4 Nf6 4. d3 h6 5. 0-0 d6 6. a4 g5 7. a5 a6 8. c3 Bg7 9. Re1 0-0 10. h3 Ne7 11. d4 Ng6 12. Bf1 Re8 13. Na3 exd4 14. Nxd4 Rxe4 15. Rxe4 Nxe4 16. Nc4 d5 17. Ne3 Qf6 18. Qc2 c6 19. Bd3 Nc5 20. Bf5 Bxf5 21. Nexf5 Re8 22. Be3 Ne6 23. Nxe6 fxe6 24. Nxg7 Kxg7 25. Re1 e5 26. Bb6 Rf8 27. Qe2 Rf7 28. Ba7 Qf5 29. Bb8 e4 30. Ba7 Nf4 31. Bd4+ Kg6 32. Qc2 h5 33. c4 Kh6 34. cxd5 cxd5 35. Bb6 g4 36. h4 Nd3 37. Rd1 Kg6 38. Be3 Qf6 39. Rd2 Qxh4 40. Qc8 Qe7 41. Qg8+ Rg7 42. Qxd5 Rf7 43. Rc2 Qf6 44. Rc8 Nxf2 45. Rg8+ Kh7 46. Re8 Nh3+ 47. gxh3 Qf1+ 48. Kh2 Qe2+ 49. Kh1 Rf1+ 50. Bg1 Qf3+ 0-1

[Event "Cheliabinsk Panchenko Memorial op-B"]
[Site "Cheliabinsk"]
[Date "2022.09.17"]
[Round "6"]
[White "Paramzina, Anastasya"]
[Black "Khokhlova, Daria"]
[Result "1/2-1/2"]
[WhiteElo "2233"]
[BlackElo "2142"]
[PlyCount "240"]
[EventDate "2022.09.12"]
[EventType "swiss"]
[EventRounds "10"]
[EventCountry "RUS"]
[SourceTitle "CBM 210 Extra"]
[Source "ChessBase"]
[SourceDate "2022.11.30"]
[SourceVersion "1"]
[SourceVersionDate "2022.11.30"]
[SourceQuality "1"]

1. e4 c5 2. Nf3 d6 3. d4 cxd4 4. Nxd4 Nf6 5. Nc3 a6 6. Be3 e5 7. Nb3 Be6 8. f3 Be7 9. Qd2 h5 10. 0-0-0 Nbd7 11. Kb1 Rc8 12. Bd3 Qc7 13. h3 h4 14. f4 b5 15. f5 Bc4 16. a3 Bxd3 17. Qxd3 Qc4 18. Rc1 Qxd3 19. cxd3 0-0 20. Bg5 Nd5 21. Nxd5 Bxg5 22. Rcg1 Kh7 23. g3 hxg3 24. Rxg3 Bh6 25. Rhg1 Nf6 26. Nxf6+ gxf6 27. R1g2 d5 28. exd5 Rfd8 29. Nd2 Bxd2 30. Rxd2 Rg8 31. Rxg8 Rxg8 32. d4 e4 33. Re2 Rg5 34. Rxe4 Rxf5 35. Kc2 Rxd5 36. Kd3 Kg6 37. Rg4+ Kf5 38. Rg8 Ke6 39. Ra8 Rd6 40. h4 f5 41. h5 Ke7 42. Rh8 f4 43. h6 f3 44. Ke3 Rxd4 45. Ra8 Rh4 46. Rxa6 Rh2 47. b3 f2 48. Ke2 Rh3 49. b4 Rh2 50. Rb6 Kd7 51. Kf1 Ke7 52. Rb7+ Ke8 53. Rxb5 Rxh6 54. a4 Rf6 55. a5 Kd7 56. Rc5 Rf4 57. b5 Kd6 58. Rc2 Rf5 59. Rb2 Kc7 60. b6+ Kb8 61. a6 Ra5 62. a7+ Kb7 63. Kxf2 Ra3 64. Kg2 f5 65. Kf2 f4 66. Rb4 Ra1 67. Kf3 Rf1+ 68. Kg4 Rg1+ 69. Kxf4 Rf1+ 70. Ke3 Re1+ 71. Kd4 Ra1 72. Kc5 Ra5+ 73. Kc4 Ra1 74. Kb5 Rg1 75. Ra4 Rb1+ 76. Kc5 Ka8 77. Rb4 Rc1+ 78. Kd5 Rd1+ 79. Kc4 Rc1+ 80. Kb3 Kb7 81. Ra4 Rc8 82. Rb4 Rf8 83. Ra4 Rh8 84. Ra2 Rh3+ 85. Kc4 Rh4+ 86. Kd5 Rh5+ 87. Ke6 Rh6+ 88. Kf7 Rh8 89. Rb2 Ra8 90. Ke7 Rh8 91. Kd6 Rh6+ 92. Kc5 Rh5+ 93. Kb4 Rh4+ 94. Ka5 Rh1 95. Rb5 Ra1+ 96. Kb4 Rb1+ 97. Kc5 Rc1+ 98. Kd6 Rd1+ 99. Rd5 Ra1 100. Rb5 Rd1+ 101. Kc5 Rc1+ 102. Kb4 Rb1+ 103. Kc4 Rc1+ 104. Kd3 Rd1+ 105. Ke2 Ra1 106. Kd2 Ra4 107. Rb3 Rh4 108. Rf3 Rh8 109. Rf6 Rh2+ 110. Kc3 Rh3+ 111. Kd4 Rh4+ 112. Kd5 Rh8 113. Kc5 Rh5+ 114. Kd6 Rh8 115. Ke7 Rh1 116. Rf8 Re1+ 117. Kd6 Rd1+ 118. Kc5 Rc1+ 119. Kb4 Rb1+ 120. Kc3 Rc1+ 1/2-1/2

[Event "Cheliabinsk Panchenko Memorial op-B"]
[Site "Cheliabinsk"]
[Date "2022.09.15"]
[Round "4"]
[White "Baranova, Elizaveta"]
[Black "Paramzina, Anastasya"]
[Result "0-1"]
[WhiteElo "1829"]
[BlackElo "2233"]
[PlyCount "114"]
[EventDate "2022.09.12"]
[EventType "swiss"]
[EventRounds "10"]
[EventCountry "RUS"]
[SourceTitle "CBM 210 Extra"]
[Source "ChessBase"]
[SourceDate "2022.11.30"]
[SourceVersion "1"]
[SourceVersionDate "2022.11.30"]
[SourceQuality "1"]

1. e4 c5 2. Nf3 d6 3. Bb5+ Nd7 4. 0-0 a6 5. Bd3 Ngf6 6. Re1 e6 7. c3 b5 8. Bc2 c4 9. d4 cxd3 10. Qxd3 Bb7 11. a4 Nc5 12. Qe2 bxa4 13. e5 dxe5 14. Rd1 Qc7 15. Qxe5 Qc6 16. h3 Be7 17. Be3 0-0 18. Bd4 Nb3 19. Bxb3 axb3 20. Nbd2 Bd6 21. Qg5 h6 22. Qh4 e5 23. Be3 Nd5 24. Nc4 Nxe3 25. Nxe3 Rfe8 26. Qg4 Bf8 27. Rd2 a5 28. Nf5 Bc8 29. N3h4 g6 30. Qg3 Bxf5 31. Nxf5 a4 32. Rad1 Qe6 33. Ne3 a3 34. bxa3 Rxa3 35. Qf3 Rb8 36. Qe2 Ra2 37. Rb1 Kh7 38. Kh2 e4 39. g3 Bg7 40. Nd1 e3 41. fxe3 Qe4 42. Rbb2 Ra1 43. Qg2 Qc4 44. Qf3 Rb5 45. Qf4 Qe6 46. Rd6 Qe7 47. Rdd2 Qb7 48. Qc4 Rc1 49. Rd3 Rc2+ 50. Rd2 Rxd2+ 51. Rxd2 b2 52. Nxb2 Rxb2 53. Rxb2 Qxb2+ 54. Kg1 f5 55. g4 Qxc3 56. Qe6 Qe1+ 57. Kg2 f4 0-1

[Event "Cheliabinsk Panchenko Memorial op-B"]
[Site "Cheliabinsk"]
[Date "2022.09.13"]
[Round "2"]
[White "Aleshina, Arina"]
[Black "Paramzina, Anastasya"]
[Result "1/2-1/2"]
[WhiteElo "1776"]
[BlackElo "2233"]
[PlyCount "109"]
[EventDate "2022.09.12"]
[EventType "swiss"]
[EventRounds "10"]
[EventCountry "RUS"]
[SourceTitle "CBM 210 Extra"]
[Source "ChessBase"]
[SourceDate "2022.11.30"]
[SourceVersion "1"]
[SourceVersionDate "2022.11.30"]
[SourceQuality "1"]

1. e4 c5 2. Nf3 d6 3. d4 cxd4 4. Qxd4 Nc6 5. Bb5 Bd7 6. Bxc6 bxc6 7. c4 e5 8. Qd3 Nf6 9. Nc3 Be6 10. 0-0 Qc7 11. Bg5 Nd7 12. Rfd1 h6 13. Be3 Be7 14. b4 0-0 15. b5 cxb5 16. Nxb5 Qxc4 17. Qxc4 Bxc4 18. Nxd6 Be6 19. Nb5 Rfc8 20. Nxa7 Rc4 21. Nb5 Ra5 22. Nd6 Bxd6 23. Rxd6 Rxe4 24. h3 Rea4 25. Rad1 Nf6 26. Bd2 Rb5 27. Bc3 Rxa2 28. Bxe5 Ne4 29. Rd8+ Kh7 30. Bd4 Rb3 31. Be3 Rbb2 32. Nd2 Nc3 33. Re1 Nd5 34. Ne4 Nxe3 35. Rxe3 Bf5 36. Nc3 Ra1+ 37. Kh2 Rxf2 38. Re2 Rff1 39. Nd5 Rh1+ 40. Kg3 Rad1 41. Ree8 Rhe1 42. Ne7 g6 43. Rh8+ Kg7 44. Nd5 f6 45. Rhg8+ Kf7 46. Rdf8+ Ke6 47. Nf4+ Ke5 48. Nxg6+ Bxg6 49. Rxg6 Rf1 50. Rxh6 Rd3+ 51. Kh2 f5 52. Rb6 Rdd1 53. Rb5+ Ke4 54. Rb4+ Ke5 55. Rb5+ 1/2-1/2

[Event "RUS-ch Higher League (Women) 72nd"]
[Site "Obninsk"]
[Date "2022.07.04"]
[Round "8"]
[White "Paramzina, Anastasya"]
[Black "Dorokhina, Elizaveta"]
[Result "1/2-1/2"]
[WhiteElo "2256"]
[BlackElo "2045"]
[PlyCount "95"]
[EventDate "2022.06.26"]
[EventType "swiss"]
[EventRounds "9"]
[EventCountry "RUS"]
[SourceTitle "CBM 209 Extra"]
[Source "ChessBase"]
[SourceDate "2022.09.30"]
[SourceVersion "1"]
[SourceVersionDate "2022.09.30"]
[SourceQuality "1"]

1. e4 e6 2. d3 d5 3. Nd2 c5 4. Ngf3 Nc6 5. g3 Bd6 6. Bg2 Nge7 7. 0-0 0-0 8. Re1 Qc7 9. c3 f6 10. Qe2 d4 11. Nc4 e5 12. cxd4 cxd4 13. Bd2 b5 14. Nxd6 Qxd6 15. Rec1 Be6 16. Ne1 Rac8 17. f4 f5 18. Nf3 fxe4 19. Qxe4 Bf5 20. fxe5 Qg6 21. Qh4 Bg4 22. Ng5 Nxe5 23. Nxh7 Qxh7 24. Qxe7 Rce8 25. Bd5+ Kh8 26. Qd6 Nf3+ 27. Bxf3 Bxf3 28. Bf4 Qxd3 29. Rf1 Bg4 30. Rac1 Bh3 31. Rf2 Qe4 32. Rd2 Rd8 33. Qc5 Kg8 34. Qe5 Qxe5 35. Bxe5 d3 36. Bc3 Rf3 37. Rf2 Rdf8 38. Rxf3 Rxf3 39. Bd2 Rf5 40. Re1 Kf7 41. a3 a6 42. Bc3 Rf3 43. Bd2 Kf6 44. Bc3+ Kf5 45. Re5+ Kg6 46. Re1 Kf5 47. Re5+ Kg6 48. Re1 1/2-1/2